[Event "Titled Tuesday intern op 16th Apr Late"]
[Site "Chess.com INT"]
[Date "2024.04.16"]
[Round "9"]
[White "Skotheim, Andreas"]
[Black "Yushko, Olga"]
[Result "1-0"]
[WhiteElo "2214"]
[BlackElo "2034"]
[PlyCount "133"]
[EventDate "2024.04.16"]
[EventType "swiss (blitz)"]
[EventRounds "11"]
[EventCountry "USA"]
[SourceTitle "CB17_2024"]
[SourceDate "2024.04.24"]
[SourceVersion "1"]
[SourceVersionDate "2024.04.24"]
[SourceQuality "1"]

1. c4 Nf6 2. Nc3 e6 3. e4 d5 4. cxd5 exd5 5. e5 Ne4 6. Nf3 Bg4 7. h3 Bh5 8. Nxe4 dxe4 9. Qa4+ Nc6 10. Qxe4 Bg6 11. Qa4 Bc5 12. d4 Bxd4 13. Bb5 Bb6 14. Bxc6+ bxc6 15. Qxc6+ Kf8 16. 0-0 Rb8 17. Bg5 Qe8 18. Qc3 h6 19. Be3 Kg8 20. Bxb6 cxb6 21. Rac1 Kh7 22. Qc7 a5 23. Rfd1 Qb5 24. b3 Bh5 25. Nd4 Qd5 26. g4 Rhc8 27. Qd6 Rxc1 28. Rxc1 Qxd6 29. exd6 Bg6 30. Rc7 Rd8 31. d7 Be4 32. Nb5 Bd5 33. Nd6 Be6 34. Nc8 Rxd7 35. Rxd7 Bxd7 36. Nxb6 Bc6 37. Kh2 Kg6 38. Kg3 Kf6 39. Kf4 Ke6 40. h4 Bb5 41. Nc4 a4 42. Ke4 axb3 43. axb3 Bc6+ 44. Kd4 Bf3 45. Ne3 Kd6 46. Nf5+ Kc6 47. g5 hxg5 48. hxg5 g6 49. Ne3 Be2 50. Ke5 Kd7 51. Kf6 Ke8 52. b4 Bb5 53. Ng4 Bc4 54. Ne5 Bd5 55. b5 Kf8 56. b6 Ke8 57. Nxf7 Bc6 58. Nd6+ Kd7 59. b7 Kc7 60. Nf7 Bxb7 61. Kxg6 Kd7 62. Kf6 Ke8 63. g6 Kf8 64. g7+ Kg8 65. Nh6+ Kh7 66. g8Q+ Kxh6 67. Qg6# 1-0

[Event "Titled Tuesday intern op 16th Apr Late"]
[Site "Chess.com INT"]
[Date "2024.04.16"]
[Round "8"]
[White "Womacka, Mathias"]
[Black "Yushko, Olga"]
[Result "0-1"]
[WhiteElo "2359"]
[BlackElo "2034"]
[PlyCount "150"]
[EventDate "2024.04.16"]
[EventType "swiss (blitz)"]
[EventRounds "11"]
[EventCountry "USA"]
[SourceTitle "CB17_2024"]
[SourceDate "2024.04.24"]
[SourceVersion "1"]
[SourceVersionDate "2024.04.24"]
[SourceQuality "1"]

1. e4 Nf6 2. e5 Nd5 3. d4 d6 4. Nf3 Bg4 5. Be2 c6 6. c4 Nb6 7. Nbd2 dxe5 8. Nxe5 Bxe2 9. Qxe2 N8d7 10. Nd3 e6 11. b3 Be7 12. 0-0 0-0 13. Nf3 Qc7 14. Bf4 Qd8 15. Rfe1 a5 16. a4 Bb4 17. Nxb4 axb4 18. Bd6 Re8 19. Bxb4 Nf6 20. Rad1 Qd7 21. Ne5 Qc8 22. Qf3 Nbd7 23. Bc3 h6 24. h3 Nf8 25. Re3 Qc7 26. Rde1 Rad8 27. Qg3 c5 28. dxc5 Qxc5 29. Nd3 Qf5 30. Rf3 Nh5 31. Rxf5 Nxg3 32. Rf3 Nf5 33. Ne5 Nd7 34. Rd3 Nxe5 35. Rxd8 Nf3+ 36. gxf3 Rxd8 37. Be5 Rd3 38. Rb1 Rxf3 39. a5 Rxh3 40. b4 Rd3 41. b5 Nh4 42. a6 bxa6 43. b6 Nf3+ 44. Kf1 Nxe5 45. b7 Nc6 46. Rb6 Nb8 47. c5 Rc3 48. Rd6 Kh7 49. Rd8 Nc6 50. Rc8 Rc1+ 51. Kg2 Rxc5 52. Rxc6 Rb5 53. Rc7 a5 54. Rxf7 a4 55. Re7 a3 56. Rxe6 Rxb7 57. Ra6 Rb3 58. f3 h5 59. Kg3 g6 60. Kf4 Kh6 61. Ra8 h4 62. Kg4 g5 63. Ra6+ Kg7 64. Kxg5 h3 65. Ra7+ Kf8 66. Kf6 Rxf3+ 67. Kg6 h2 68. Ra8+ Ke7 69. Rh8 a2 70. Rxh2 a1Q 71. Re2+ Kd6 72. Rd2+ Kc5 73. Kg5 Kc4 74. Kg4 Qf6 75. Re2 Kd3 0-1

[Event "Titled Tuesday intern op 02nd Apr Early"]
[Site "Chess.com INT"]
[Date "2024.04.02"]
[Round "9"]
[White "Diaz Herquinio, Brahian"]
[Black "Yushko, Olga"]
[Result "1-0"]
[WhiteElo "2051"]
[BlackElo "2034"]
[PlyCount "73"]
[EventDate "2024.04.02"]
[EventType "swiss (blitz)"]
[EventRounds "11"]
[EventCountry "USA"]
[SourceTitle "CB15_2024"]
[SourceDate "2024.04.10"]
[SourceVersion "1"]
[SourceVersionDate "2024.04.10"]
[SourceQuality "1"]

1. e4 Nf6 2. d3 d6 3. Nd2 g6 4. Ngf3 Bg7 5. g3 0-0 6. Bg2 Nbd7 7. 0-0 c6 8. c3 e5 9. a4 Qc7 10. Qe2 Re8 11. Re1 Nf8 12. Nf1 Ne6 13. h3 Bd7 14. Ng5 Rad8 15. a5 Nc5 16. b4 Nb3 17. Rb1 Nxc1 18. Rbxc1 Qc8 19. h4 h6 20. Nf3 Nh5 21. Ne3 Bh3 22. c4 Nf6 23. Rb1 Bxg2 24. Kxg2 Ng4 25. b5 Nxe3+ 26. Qxe3 f5 27. Qxa7 fxe4 28. dxe4 d5 29. bxc6 bxc6 30. Rb7 Bf6 31. Rh7 Rf8 32. exd5 cxd5 33. Nxe5 Qf5 34. Rxh6 Bg7 35. Rxg6 Rd7 36. Qxd7 Qxf2+ 37. Kh3 1-0

[Event "Titled Tuesday intern op 02nd Apr Early"]
[Site "Chess.com INT"]
[Date "2024.04.02"]
[Round "5"]
[White "Wilk, Igor"]
[Black "Yushko, Olga"]
[Result "1-0"]
[WhiteElo "2153"]
[BlackElo "2034"]
[PlyCount "59"]
[EventDate "2024.04.02"]
[EventType "swiss (blitz)"]
[EventRounds "11"]
[EventCountry "USA"]
[SourceTitle "CB15_2024"]
[SourceDate "2024.04.10"]
[SourceVersion "1"]
[SourceVersionDate "2024.04.10"]
[SourceQuality "1"]

1. d4 e6 2. Nf3 d5 3. Bf4 Nf6 4. e3 c5 5. Nbd2 Nc6 6. c3 Be7 7. Bd3 0-0 8. h3 Re8 9. 0-0 Bd6 10. Ne5 Nxe5 11. dxe5 c4 12. Bc2 Be7 13. exf6 Bxf6 14. e4 e5 15. Bg3 d4 16. Nxc4 Be6 17. Bb3 Qc7 18. Nd2 dxc3 19. bxc3 Qxc3 20. Nf3 Qb4 21. Bxe6 Rxe6 22. Qe2 Qa4 23. Rac1 h5 24. Rc4 Qa6 25. Rfc1 Rae8 26. Bh4 Kh7 27. Bxf6 Rxf6 28. R4c2 Qa4 29. Qc4 Qa5 30. Qb3 1-0

[Event "Titled Tuesday intern op 02nd Apr Early"]
[Site "Chess.com INT"]
[Date "2024.04.02"]
[Round "2"]
[White "Yushko, Olga"]
[Black "Ganzhurov, Roman"]
[Result "0-1"]
[WhiteElo "2034"]
[BlackElo "2039"]
[PlyCount "74"]
[EventDate "2024.04.02"]
[EventType "swiss (blitz)"]
[EventRounds "11"]
[EventCountry "USA"]
[SourceTitle "CB15_2024"]
[SourceDate "2024.04.10"]
[SourceVersion "1"]
[SourceVersionDate "2024.04.10"]
[SourceQuality "1"]

1. d4 Nf6 2. c4 g6 3. Nc3 Bg7 4. Nf3 0-0 5. Bg5 d6 6. e3 Nc6 7. Be2 h6 8. Bh4 b6 9. 0-0 Re8 10. Qc2 Bb7 11. Rfd1 e5 12. dxe5 Nxe5 13. Nxe5 Rxe5 14. Bg3 Re8 15. Nd5 Qd7 16. Rac1 Ne4 17. Bf3 Nxg3 18. hxg3 Rab8 19. b4 a5 20. a3 axb4 21. axb4 Bxd5 22. cxd5 Re7 23. Qc6 Qf5 24. e4 Qe5 25. Rc2 Rf8 26. Rdc1 Kh7 27. Qb5 f5 28. exf5 Rxf5 29. Rxc7 Rxc7 30. Rxc7 Qe1+ 31. Kh2 Qxf2 32. Qd7 Qd4 33. Qe7 Qb2 34. Kh3 Rg5 35. Qf7 Qe5 36. Qf4 Qa1 37. Qxd6 Qh1# 0-1

[Event "Titled Tuesday intern op 02nd Apr Early"]
[Site "Chess.com INT"]
[Date "2024.04.02"]
[Round "11"]
[White "Yushko, Olga"]
[Black "Koridze, Lile"]
[Result "0-1"]
[WhiteElo "2034"]
[BlackElo "2121"]
[PlyCount "104"]
[EventDate "2024.04.02"]
[EventType "swiss (blitz)"]
[EventRounds "11"]
[EventCountry "USA"]
[SourceTitle "CB15_2024"]
[SourceDate "2024.04.10"]
[SourceVersion "1"]
[SourceVersionDate "2024.04.10"]
[SourceQuality "1"]

1. d4 Nf6 2. c4 e6 3. Nc3 Bb4 4. Bd2 0-0 5. Nf3 d5 6. e3 b6 7. cxd5 exd5 8. g3 Bb7 9. Bg2 c5 10. 0-0 Re8 11. a3 Bxc3 12. Bxc3 Nbd7 13. dxc5 Nxc5 14. Bxf6 Qxf6 15. Qd4 Qe7 16. Rad1 Rad8 17. b4 Ne4 18. Nd2 h6 19. Rfe1 Qe6 20. f3 Nd6 21. a4 Nf5 22. Qf4 Nxe3 23. Nb3 Nxg2 24. Kxg2 Qg6 25. Nd4 Rxe1 26. Rxe1 Bc6 27. Qc7 Re8 28. Rxe8+ Bxe8 29. Qd8 Kf8 30. Qxd5 Qf6 31. b5 Qe7 32. Nc6 Qe2+ 33. Kh3 Qf1+ 34. Kg4 h5+ 35. Qxh5 Bd7+ 36. Kf4 Qc1+ 37. Ke4 Bxc6+ 38. bxc6 Qxc6+ 39. Qd5 Qxa4+ 40. Ke3 Qa3+ 41. Kf4 Qb4+ 42. Ke5 f6+ 43. Ke6 Qe7+ 44. Kf5 Qc5 45. Qxc5+ bxc5 46. Ke4 a5 47. Kd5 a4 48. Kc4 Ke7 49. h4 Ke6 50. g4 Ke5 51. g5 fxg5 52. hxg5 Kf4 0-1

[Event "Titled Tuesday intern op 02nd Apr Late"]
[Site "Chess.com INT"]
[Date "2024.04.02"]
[Round "5"]
[White "Yushko, Olga"]
[Black "Wilson, Otis"]
[Result "1-0"]
[WhiteElo "2034"]
[BlackElo "1994"]
[PlyCount "41"]
[EventDate "2024.04.02"]
[EventType "swiss (blitz)"]
[EventRounds "11"]
[EventCountry "USA"]
[SourceTitle "CB15_2024"]
[SourceDate "2024.04.10"]
[SourceVersion "1"]
[SourceVersionDate "2024.04.10"]
[SourceQuality "1"]

1. d4 d5 2. c4 e6 3. cxd5 exd5 4. Nc3 c6 5. Bf4 Bd6 6. Bxd6 Qxd6 7. e3 Bf5 8. Nge2 Nf6 9. Ng3 Bg6 10. Bd3 Nbd7 11. 0-0 b5 12. Rc1 Bxd3 13. Qxd3 g6 14. e4 Nxe4 15. Ncxe4 dxe4 16. Qxe4+ Kf8 17. Rxc6 Qb4 18. Rc7 Rd8 19. Qd5 Ke7 20. a3 Qa5 21. Qe5+ 1-0

[Event "Lvov Ukrainian Chess Warriors"]
[Site "Lvov"]
[Date "2024.03.15"]
[Round "8"]
[White "Yushko, Olga"]
[Black "Hrabinska, Myroslava"]
[Result "0-1"]
[WhiteElo "2088"]
[BlackElo "2177"]
[PlyCount "108"]
[EventDate "2024.03.15"]
[EventType "swiss (rapid)"]
[EventRounds "8"]
[EventCountry "UKR"]
[SourceTitle "CB12_2024"]
[SourceDate "2023.10.01"]
[SourceVersion "1"]
[SourceVersionDate "2023.10.01"]
[SourceQuality "1"]

1. d4 d5 2. c4 e6 3. cxd5 exd5 4. Nc3 Nf6 5. Bg5 c6 6. e3 Be7 7. Bd3 Nbd7 8. Nge2 Nf8 9. Qc2 Ne6 10. Bh4 g6 11. Rb1 c5 12. dxc5 Nxc5 13. Bb5+ Kf8 14. Bxf6 Bxf6 15. Rd1 Bf5 16. Qd2 a6 17. Ba4 Nxa4 18. Nxa4 Kg7 19. 0-0 Rc8 20. Rc1 Qd6 21. Nd4 Bd7 22. Nc3 b5 23. a3 Be6 24. Nce2 h5 25. Rfd1 h4 26. Nf4 Be5 27. Nde2 Rc4 28. Rxc4 bxc4 29. h3 Rd8 30. Nxe6+ fxe6 31. Nd4 Qb6 32. Nf3 Qxb2 33. Qa5 Bf6 34. Nd4 Re8 35. Qa4 Re7 36. Nc6 Rc7 37. Qxa6 c3 38. Nb4 c2 39. Nxc2 Qxc2 40. Rf1 Qc6 41. Qd3 Qc3 42. Qa6 Rc6 43. Qa7+ Kh6 44. Rb1 Be5 45. f4 Bd6 46. Rf1 Bc5 47. Qf7 Qxe3+ 48. Kh1 Rc8 49. f5 exf5 50. Qxd5 Be7 51. Qd1 Bg5 52. Qd6 Qe7 53. Qd4 Qxa3 54. Qb6 Rc1 0-1

[Event "Titled Tuesday intern op 12th Mar Late"]
[Site "Chess.com INT"]
[Date "2024.03.12"]
[Round "5"]
[White "Yushko, Olga"]
[Black "Vlassov, Nikolai"]
[Result "0-1"]
[WhiteElo "2088"]
[BlackElo "2299"]
[PlyCount "64"]
[EventDate "2024.03.12"]
[EventType "swiss (blitz)"]
[EventRounds "11"]
[EventCountry "USA"]
[SourceTitle "CB12_2024"]
[SourceDate "2023.10.01"]
[SourceVersion "1"]
[SourceVersionDate "2023.10.01"]
[SourceQuality "1"]

1. d4 Nf6 2. c4 Nc6 3. Nf3 e6 4. Nc3 Bb4 5. Bg5 h6 6. Bh4 g5 7. Bg3 Ne4 8. Qc2 d5 9. e3 h5 10. cxd5 exd5 11. h4 g4 12. Ne5 Bxc3+ 13. bxc3 Nxg3 14. fxg3 Nxe5 15. dxe5 Qe7 16. c4 Qxe5 17. Rd1 Qxg3+ 18. Qf2 Qxf2+ 19. Kxf2 dxc4 20. Bxc4 Be6 21. Bxe6 fxe6 22. Rc1 0-0-0 23. Rc2 Rhf8+ 24. Kg3 Rd3 25. Re1 b6 26. Rc6 Kd7 27. Rc4 c5 28. Ra4 a5 29. Re4 b5 30. Rc1 Kd6 31. Rb1 Kd5 32. Rf4 Rxe3+ 0-1

[Event "Titled Tuesday intern op 27th Feb Late"]
[Site "Chess.com INT"]
[Date "2024.02.27"]
[Round "4"]
[White "Yushko, Olga"]
[Black "Mesquita, Eduardo Barbosa"]
[Result "0-1"]
[WhiteElo "2088"]
[BlackElo "1948"]
[PlyCount "116"]
[EventDate "2024.02.27"]
[EventType "swiss (blitz)"]
[EventRounds "11"]
[EventCountry "USA"]
[SourceTitle "CB10_2024"]
[SourceDate "2024.03.06"]
[SourceVersion "1"]
[SourceVersionDate "2024.03.06"]
[SourceQuality "1"]

1. d4 d5 2. c4 e6 3. cxd5 Nf6 4. dxe6 Bxe6 5. Nc3 h6 6. Bf4 c6 7. e3 Bb4 8. Bd3 0-0 9. Qc2 Nbd7 10. Nge2 c5 11. 0-0 Rc8 12. dxc5 Nxc5 13. Bf5 Qe7 14. Bxe6 Nxe6 15. Be5 Nd7 16. Qb3 Nxe5 17. Nd5 Qg5 18. Nxb4 Nc5 19. Qd5 Rfd8 20. f4 Qh5 21. Qxe5 Qxe2 22. Nd5 Re8 23. Qf5 Ne6 24. Rf2 Qc4 25. Rf3 Rc5 26. Nf6+ gxf6 27. Rg3+ Kf8 28. Qxf6 Qe4 29. Qxh6+ Ke7 30. Qh4+ Kd7 31. Rd1+ Kc7 32. Qf6 Rf5 33. Qc3+ Rc5 34. Qf6 Rf5 35. Rc1+ Kb8 36. Qh6 Nc7 37. Qd6 Qe7 38. Qd3 Rd5 39. Qb3 Rb5 40. Rxc7 Qxc7 41. Qxb5 Qc1+ 42. Kf2 Qc2+ 43. Qe2 Qc5 44. Rg5 f5 45. Qd3 Qc1 46. Qc3 Qd1 47. Rg7 Ka8 48. Qc7 Qd2+ 49. Kg3 Qe1+ 50. Kh3 Qxe3+ 51. g3 Qe4 52. Rf7 Rh8+ 53. Rh7 Re8 54. Qd7 Rb8 55. Qc7 Qf3 56. Rd7 Qf1+ 57. Kh4 Qe2 58. Rd8 Qg4# 0-1

[Event "Titled Tuesday intern op 06th Feb Late"]
[Site "Chess.com INT"]
[Date "2024.02.06"]
[Round "1"]
[White "Prado Lobo, Jonas"]
[Black "Yushko, Olga"]
[Result "1/2-1/2"]
[WhiteElo "2383"]
[BlackElo "2088"]
[PlyCount "200"]
[EventDate "2024.02.06"]
[EventType "swiss (blitz)"]
[EventRounds "11"]
[EventCountry "USA"]
[SourceTitle "CB07_2024"]
[SourceDate "2024.02.14"]
[SourceVersion "1"]
[SourceVersionDate "2024.02.14"]
[SourceQuality "1"]

1. d4 e6 2. Nf3 Nf6 3. Bf4 d5 4. e3 c5 5. Nbd2 Nc6 6. c3 Bd6 7. Bd3 cxd4 8. cxd4 Bxf4 9. exf4 Qb6 10. Nb3 Bd7 11. 0-0 0-0 12. Ne5 Rac8 13. Nc5 Rfd8 14. Ncxd7 Nxd7 15. Bxh7+ Kf8 16. Nxc6 Rxc6 17. Bc2 Qxb2 18. Bb3 Nf6 19. Qd3 Rc3 20. Qb5 b6 21. Qb4+ Kg8 22. Rab1 Rxb3 23. Qxb3 Qxd4 24. Qe3 Qa4 25. Rb2 Ne4 26. Rc1 Nc5 27. g3 Qa6 28. Rbc2 d4 29. Qf3 d3 30. Rd2 Qa4 31. Rcd1 Qc4 32. Kg2 a5 33. Qe3 a4 34. Re1 Qd5+ 35. Kg1 f5 36. h4 Ne4 37. Rdd1 Kf7 38. f3 Nc3 39. Rd2 Nxa2 40. Qxb6 Rd6 41. Qc7+ Rd7 42. Qb6 Nc3 43. Qe3 Ne2+ 44. Rexe2 Qb3 45. Rf2 a3 46. Kg2 Qc3 47. Qe5 Qb3 48. g4 fxg4 49. fxg4 Qb7+ 50. Kh2 Rd5 51. Qe3 Qe7 52. Kg3 Qd6 53. Rf3 a2 54. Rxa2 d2 55. Rxd2 Rxd2 56. Rf2 Rd3 57. Rf3 Rxe3 58. Rxe3 Qd2 59. Kf3 Qd1+ 60. Kg3 Qg1+ 61. Kf3 Qh1+ 62. Kg3 g6 63. Re5 Qg1+ 64. Kf3 Qh2 65. h5 Qh3+ 66. Ke4 Qxg4 67. hxg6+ Qxg6+ 68. Ke3 Qg3+ 69. Ke4 Qe1+ 70. Kf3 Qf1+ 71. Ke3 Qc1+ 72. Kf3 Kf6 73. Rg5 Qc3+ 74. Ke4 Qc4+ 75. Ke3 Qb3+ 76. Ke4 Qc2+ 77. Ke3 Qc1+ 78. Ke4 Qe1+ 79. Kf3 Qf1+ 80. Ke4 Ke7 81. Re5 Kd6 82. Ke3 Qe1+ 83. Kf3 Qd1+ 84. Ke3 Qc1+ 85. Kf3 Qc4 86. Ke3 Qc3+ 87. Ke4 Qe1+ 88. Kf3 Qxe5 89. fxe5+ Kxe5 90. Ke3 Kd5 91. Kd3 e5 92. Ke3 e4 93. Ke2 Kd4 94. Kd2 e3+ 95. Ke2 Ke4 96. Ke1 Kf4 97. Ke2 Ke4 98. Ke1 Kd3 99. Kd1 Kd4 100. Ke2 Ke4 1/2-1/2

[Event "Titled Tuesday intern op 06th Feb Late"]
[Site "Chess.com INT"]
[Date "2024.02.06"]
[Round "8"]
[White "Serra Canals, Oriol"]
[Black "Yushko, Olga"]
[Result "1-0"]
[WhiteElo "2155"]
[BlackElo "2088"]
[PlyCount "61"]
[EventDate "2024.02.06"]
[EventType "swiss (blitz)"]
[EventRounds "11"]
[EventCountry "USA"]
[SourceTitle "CB07_2024"]
[SourceDate "2024.02.14"]
[SourceVersion "1"]
[SourceVersionDate "2024.02.14"]
[SourceQuality "1"]

1. e4 g6 2. d4 Bg7 3. Nc3 d6 4. Be3 Nf6 5. f3 0-0 6. Qd2 Nbd7 7. 0-0-0 e5 8. h4 c6 9. g4 b5 10. h5 b4 11. Nce2 a5 12. hxg6 fxg6 13. Bh6 a4 14. Bxg7 Kxg7 15. Qh6+ Kg8 16. Nh3 b3 17. cxb3 a3 18. Ng5 axb2+ 19. Kb1 Qa5 20. a4 Re8 21. Nxh7 Kf7 22. Ng5+ Ke7 23. Qg7+ Kd8 24. Nf7+ Kc7 25. Nxd6 Kxd6 26. dxe5+ Kxe5 27. f4+ Kxe4 28. Bg2+ Ke3 29. Qxg6 Kxe2 30. Qd3+ Kf2 31. Qf3# 1-0

[Event "Titled Tuesday intern op 06th Feb Late"]
[Site "Chess.com INT"]
[Date "2024.02.06"]
[Round "9"]
[White "Yushko, Olga"]
[Black "Desideri, Ricardo Maruchi"]
[Result "1-0"]
[WhiteElo "2088"]
[BlackElo "1959"]
[PlyCount "117"]
[EventDate "2024.02.06"]
[EventType "swiss (blitz)"]
[EventRounds "11"]
[EventCountry "USA"]
[SourceTitle "CB07_2024"]
[SourceDate "2024.02.14"]
[SourceVersion "1"]
[SourceVersionDate "2024.02.14"]
[SourceQuality "1"]

1. d4 Nf6 2. c4 g6 3. Nc3 Bg7 4. Nf3 0-0 5. Bg5 d6 6. e3 Nbd7 7. Be2 e5 8. 0-0 b6 9. Qc2 Bb7 10. Rfd1 Qe7 11. dxe5 Nxe5 12. Nd5 Bxd5 13. cxd5 h6 14. Bh4 g5 15. Bg3 Nh5 16. Nd4 Nxg3 17. hxg3 g4 18. Rac1 Rac8 19. Qf5 Qf6 20. Ba6 c5 21. dxc6 Rc7 22. Bb7 a6 23. Qxf6 Bxf6 24. Nf5 Nxc6 25. Rxc6 Rxb7 26. Rdxd6 Bxb2 27. Rxh6 Bg7 28. Nxg7 Kxg7 29. Rxb6 Rxb6 30. Rxb6 Ra8 31. a4 a5 32. Kf1 f6 33. Ke2 Kg6 34. Rb5 f5 35. Kd3 Rd8+ 36. Kc3 Rc8+ 37. Kb3 Rc1 38. Rxa5 Rf1 39. Kc3 Rxf2 40. Kd4 Rxg2 41. Ra8 Rxg3 42. a5 Rg1 43. a6 Ra1 44. Ke5 Ra5+ 45. Kf4 Kf6 46. a7 Ra4+ 47. Kg3 Kg7 48. Kh4 Ra5 49. Kg3 Ra4 50. Kg2 Ra5 51. Kf2 Ra4 52. Kg3 Ra5 53. Kf4 g3 54. Kxg3 Ra4 55. Kf3 Ra5 56. Kf4 Ra3 57. Kxf5 Ra5+ 58. Kf4 Ra4+ 59. e4 1-0

[Event "Titled Tuesday intern op 16th Jan Early"]
[Site "Chess.com INT"]
[Date "2024.01.16"]
[Round "7"]
[White "Bambino Filho, Antonio Carlos"]
[Black "Yushko, Olga"]
[Result "1-0"]
[WhiteElo "2166"]
[BlackElo "2064"]
[PlyCount "95"]
[EventDate "2024.01.16"]
[EventType "swiss (blitz)"]
[EventRounds "11"]
[EventCountry "USA"]
[SourceTitle "CB04_2024"]
[SourceDate "2023.10.16"]
[SourceVersion "1"]
[SourceVersionDate "2023.10.16"]
[SourceQuality "1"]

1. d4 e6 2. Nf3 Nf6 3. c4 d5 4. Nc3 Be7 5. cxd5 exd5 6. Bg5 Nbd7 7. e3 c6 8. Bd3 0-0 9. Qc2 h6 10. Bh4 Re8 11. h3 Nf8 12. Bg3 Bd6 13. Ne5 c5 14. 0-0 cxd4 15. exd4 Qc7 16. Nb5 Qxc2 17. Bxc2 Bb8 18. Rfe1 a6 19. Nc3 N8d7 20. Nxd7 Bxd7 21. Bh4 g5 22. Bg3 Bxg3 23. fxg3 Bc6 24. Bb3 Rad8 25. Kf2 Kg7 26. Re2 Ne4+ 27. Nxe4 dxe4 28. Ke3 Bb5 29. Rf2 Re7 30. Rc1 Red7 31. g4 f6 32. d5 Bd3 33. a4 Rd6 34. a5 Kf7 35. Rc7+ R8d7 36. Rxd7+ Rxd7 37. Kd4 Ke7 38. Kc3 Rc7+ 39. Kd2 Rd7 40. Ke3 Rd6 41. Rd2 b6 42. Kd4 bxa5 43. Kc5 Rd7 44. Ba4 Rc7+ 45. Bc6 Bb5 46. d6+ Kd8 47. dxc7+ Kxc7 48. Bxb5 1-0

[Event "Titled Tuesday intern op 16th Jan Early"]
[Site "Chess.com INT"]
[Date "2024.01.16"]
[Round "1"]
[White "Bettalli, Francesco"]
[Black "Yushko, Olga"]
[Result "1-0"]
[WhiteElo "2271"]
[BlackElo "2064"]
[PlyCount "77"]
[EventDate "2024.01.16"]
[EventType "swiss (blitz)"]
[EventRounds "11"]
[EventCountry "USA"]
[SourceTitle "CB04_2024"]
[SourceDate "2023.10.16"]
[SourceVersion "1"]
[SourceVersionDate "2023.10.16"]
[SourceQuality "1"]

1. d4 e6 2. e4 d5 3. Bd3 dxe4 4. Bxe4 Nf6 5. Bf3 Nbd7 6. Ne2 Be7 7. 0-0 0-0 8. c4 c6 9. Nbc3 Nb6 10. b3 a5 11. Bf4 a4 12. Qc2 Nfd7 13. Rfd1 Bg5 14. Bd6 Be7 15. Bg3 Bh4 16. Ne4 Bxg3 17. N2xg3 Nf6 18. Nxf6+ Qxf6 19. Ne4 Qg6 20. b4 Nd7 21. Qe2 e5 22. d5 cxd5 23. Rxd5 f6 24. Nd6 Nb6 25. Rb5 Ra6 26. c5 Rd8 27. Nxc8 Nxc8 28. Rxb7 Re6 29. Bh5 Qg5 30. Bf7+ Kh8 31. Bxe6 e4 32. Rd1 Re8 33. Bxc8 Rxc8 34. Rbd7 f5 35. c6 h5 36. c7 Kh7 37. b5 h4 38. h3 Qf4 39. Qh5+ 1-0

[Event "Titled Tuesday intern op 16th Jan Early"]
[Site "Chess.com INT"]
[Date "2024.01.16"]
[Round "4"]
[White "Kraus, Tomas"]
[Black "Yushko, Olga"]
[Result "1-0"]
[WhiteElo "2484"]
[BlackElo "2064"]
[PlyCount "51"]
[EventDate "2024.01.16"]
[EventType "swiss (blitz)"]
[EventRounds "11"]
[EventCountry "USA"]
[SourceTitle "CB04_2024"]
[SourceDate "2023.10.16"]
[SourceVersion "1"]
[SourceVersionDate "2023.10.16"]
[SourceQuality "1"]

1. e4 e6 2. d4 d5 3. Nd2 dxe4 4. Nxe4 Nf6 5. Nxf6+ Qxf6 6. Nf3 Be7 7. Bg5 Qf5 8. Bxe7 Kxe7 9. Bd3 Qa5+ 10. c3 c5 11. 0-0 cxd4 12. cxd4 Nc6 13. Be4 f5 14. Bxc6 bxc6 15. Ne5 Bd7 16. Qh5 Be8 17. Qf3 Qd5 18. Qa3+ Qd6 19. Qc3 Bd7 20. Rac1 Rhc8 21. Qh3 Kf6 22. Qxh7 Be8 23. Qh4+ g5 24. Qh6+ Ke7 25. Qxg5+ Kf8 26. Qf6+ 1-0

[Event "Titled Tuesday intern op 09th Jan Early"]
[Site "Chess.com INT"]
[Date "2024.01.09"]
[Round "7"]
[White "Skiadopoulos, Nikolaos"]
[Black "Yushko, Olga"]
[Result "0-1"]
[WhiteElo "1854"]
[BlackElo "2064"]
[PlyCount "102"]
[EventDate "2024.01.09"]
[EventType "swiss (blitz)"]
[EventRounds "11"]
[EventCountry "USA"]
[SourceTitle "CB03_2024"]
[SourceDate "2024.01.17"]
[SourceVersion "1"]
[SourceVersionDate "2024.01.17"]
[SourceQuality "1"]

1. e4 e6 2. d4 d5 3. e5 c5 4. c3 Nc6 5. Nf3 Qb6 6. Bd3 cxd4 7. cxd4 Nge7 8. 0-0 Nf5 9. Bxf5 exf5 10. Nc3 Be6 11. b3 Be7 12. Na4 Qd8 13. Bb2 0-0 14. Rc1 Rc8 15. a3 b6 16. b4 h6 17. Qd3 Qd7 18. Nc3 Nb8 19. Ne2 g5 20. Rxc8 Rxc8 21. Rc1 Rxc1+ 22. Bxc1 Qc6 23. Qc3 Qxc3 24. Nxc3 Nc6 25. Nb5 g4 26. Ne1 a6 27. Nc7 Nxd4 28. Kf1 a5 29. bxa5 bxa5 30. f3 Bc5 31. Nd3 Bb6 32. Nxe6 fxe6 33. Bxh6 gxf3 34. Be3 fxg2+ 35. Kxg2 Ba7 36. Nf4 Kf7 37. h4 Nc6 38. Bc1 Nxe5 39. h5 Ng4 40. Kg3 Bc5 41. a4 Be3 42. Nd3 Bxc1 43. Nxc1 e5 44. Nb3 d4 45. Nxa5 d3 46. Nc4 e4 47. Kf4 Kf6 48. a5 Ne5 49. Nd2 Ng4 50. Nxe4+ fxe4 51. a6 d2 0-1

[Event "Titled Tuesday intern op 09th Jan Early"]
[Site "Chess.com INT"]
[Date "2024.01.09"]
[Round "11"]
[White "Yushko, Olga"]
[Black "De Lisle, Sarah"]
[Result "1-0"]
[WhiteElo "2064"]
[BlackElo "2090"]
[PlyCount "51"]
[EventDate "2024.01.09"]
[EventType "swiss (blitz)"]
[EventRounds "11"]
[EventCountry "USA"]
[SourceTitle "CB03_2024"]
[SourceDate "2024.01.17"]
[SourceVersion "1"]
[SourceVersionDate "2024.01.17"]
[SourceQuality "1"]

1. d4 d5 2. c4 e6 3. cxd5 exd5 4. Nc3 c6 5. Bg5 Be7 6. Bxe7 Qxe7 7. e3 Nf6 8. Bd3 0-0 9. Qc2 b6 10. Nf3 Bb7 11. h4 Re8 12. h5 c5 13. h6 g6 14. 0-0-0 Ne4 15. Ne5 Nd7 16. f4 Nxc3 17. bxc3 Nxe5 18. fxe5 Qg5 19. Kb1 Rac8 20. Rdf1 Qxe3 21. Rf3 Qg5 22. Qf2 Re7 23. Rf1 Rcc7 24. e6 f5 25. Bxf5 gxf5 26. Rg3 1-0